All Roman Reigns Wins from 2020-2022 - Statistics

General Stats
  • This quiz has been taken 126 times
  • The average score is 25 of 28
Answer Stats
The Match The Opponent % Correct
Crown Jewel 2021 Brock Lesnar
98%
Wrestlemania 38 Night 2 2022 Brock Lesnar
98%
SummerSlam 2022 Brock Lesnar
98%
Wrestlemania 39 Night 2 2023 Cody Rhodes
97%
Wrestlemania 37 Night 2 2021 Daniel Bryan, Edge
96%
Money In The Bank 2021 Edge
96%
TLC 2020 Kevin Owens
95%
SmackDown 2020 Kevin Owens
95%
Royal Rumble 2021 Kevin Owens
95%
Royal Rumble 2023 Kevin Owens
95%
Clash at the Castle 2022 Drew Mcintyre
93%
Clash Of Champions 2020 Jey Uso
93%
Hell In a Cell 2020 Jey Uso
93%
SmackDown 2021 Sami Zayn
93%
Elimination Chamber 2023 Sami Zayn
93%
SummerSlam 2021 John Cena
92%
Royal Rumble 2022 Seth Rollins
91%
Elimination Chamber 2021 Daniel Bryan
86%
Fastlane 2021 Daniel Bryan
86%
SmackDown 2021 Daniel Bryan
86%
Crown Jewel 2022 Logan Paul
85%
Extrem Rules 2021 Demon Finn Balor
82%
SmackDown 2021 Finn Balor
82%
SmackDown 2020 Braun Strowman
80%
Elimination Chamber 2022 Goldberg
77%
SmackDown 2021 Rey Mysterio
74%
Wrestlemaina Backlash 2021 Cesaro
72%
SmackDown Matt Riddle
68%
No matching quizzes found
Score Distribution
Percent of People with Each Score
Percentile by Number Answered
Your Score History
You have not taken this quiz